000 00300nam a22001337a 4500
008 181009b xxu||||| |||| 00| 0 eng d
020 _a9781845207410
041 _aeng
080 _a316
100 _a50
101 _aSOC
245 _aVisual Sense a cultural reader
_cEdwards,E
942 _2udc
_cBK
999 _c49158
_d49158